000
00269nam a22001217a 4500
008
180316b xxu||||| |||| 00| 0 eng d
041
_a
eng
080
_a
821
100
_a
21
101
_a
GJL
245
_a
A History of the Novel in England
_c
Lovett
942
_2
udc
_c
BK
999
_c
45222
_d
45222